Statistiques concernant Les sept sommets

Cliquez ici pour prendre le quiz!

Statistiques générales

  • Ce quiz a été pris 234 fois
  • Le résultat moyen est 3 sur 7

Statistiques - réponses

ContinentsSommets% Correct
AsieEverest
98%
AfriqueKillimandjaro
72%
EuropeElbrouz
45%
Amérique du SudAconcagua
43%
Amérique du NordDenali
32%
AntarctiqueMassif Vinson
15%
OcéanieMont Kosciuszko ou Puncak Jaya
12%

Distribution des résultats

Percentile par nombre de réponses

% des personnes avec chaque résultat

Votre développement - résultats

Vous n’avez pas pris ce quiz